000 00326nam a2200121Ia 4500
008 240731s9999 xx 000 0 und d
022 _a1747-7557
245 0 _aJournal of Multilingual and Multicultural Development
260 _bRoutledge
856 _uhttps://www.tandfonline.com/loi/rmmm20
942 _2ddc
942 _cTFEJ
999 _c77980
_d77980
945 _a1
_bMadushi Gamage
_c1
_dMadushi Gamage